| 000 | 00431nam a2200169Ia 4500 | ||
|---|---|---|---|
| 008 | 221030s9999 xx 000 0 und d | ||
| 020 | _a8178082993 | ||
| 041 | _aEnglish | ||
| 082 |
_a105.23 _bMol |
||
| 100 | _aH. G. Molina | ||
| 245 | 0 |
_aDatabase System Implementation _cby H. G. Molina, J.D. Ullman |
|
| 260 |
_bPearson Education _aDelhi _c2003 |
||
| 300 | _a653 | ||
| 650 | _aComputers | ||
| 700 | _aJ.D. Ullman | ||
| 942 | _cBK | ||
| 999 |
_c2720 _d2720 |
||